A városi hősziget fogalom finomítása a lokális klímazónák koncepciójának felhasználásával – példák Szegedről

Elmentve itt :
Bibliográfiai részletek
Szerzők: Unger János
Lelovics Enikő
Gál Tamás Mátyás
Mucsi László
Dokumentumtípus: Cikk
Megjelent: 2014
Sorozat:FÖLDRAJZI KÖZLEMÉNYEK 138 No. 1
Tárgyszavak:
mtmt:2577212
Online Access:http://publicatio.bibl.u-szeged.hu/5883
LEADER 00876nab a2200229 i 4500
001 publ5883
005 20220920144858.0
008 151208s2014 hu o 0|| magyar d
022 |a 0015-5411 
024 7 |a 2577212  |2 mtmt 
040 |a SZTE Publicatio Repozitórium  |b hun 
041 |a magyar 
100 1 |a Unger János 
245 1 2 |a A városi hősziget fogalom finomítása a lokális klímazónák koncepciójának felhasználásával – példák Szegedről  |h [elektronikus dokumentum] /  |c  Unger János 
260 |c 2014 
300 |a 50-63 
490 0 |a FÖLDRAJZI KÖZLEMÉNYEK  |v 138 No. 1 
650 4 |a Föld- és kapcsolódó környezettudományok 
700 0 1 |a Lelovics Enikő  |e aut 
700 0 1 |a Gál Tamás Mátyás  |e aut 
700 0 1 |a Mucsi László  |e aut 
856 4 0 |u http://publicatio.bibl.u-szeged.hu/5883/1/foldrajzi_kozlemenyek_2014_138_evf_1_szam.pdf  |z Dokumentum-elérés